Program zvýšenia jadrovej bezpečnosti v Slovenskej republike. Zvýšenie bezpečnosti a dokončenie blokov 1.a 2. jadrovej elektrárne Mochovce
Salvato in:
| Natura: | Libro |
|---|---|
| Lingua: | slovacco |
| Pubblicazione: |
Bratislava :
Slovenské elektrárne
|
| Tags: |
Nessun Tag, puoi essere il primo ad aggiungerne!!
|
MARC
| LEADER | 00000nam a22000003a 4500 | ||
|---|---|---|---|
| 001 | stu32035 | ||
| 005 | 20150408162403.7 | ||
| 008 | 950306s--------xo------------------slo-d | ||
| 040 | |a STU |b slo | ||
| 041 | 0 | |a slo | |
| 044 | |a xo | ||
| 080 | |a 621.039.56 | ||
| 245 | |a Program zvýšenia jadrovej bezpečnosti v Slovenskej republike. Zvýšenie bezpečnosti a dokončenie blokov 1.a 2. jadrovej elektrárne Mochovce | ||
| 260 | |a Bratislava : |b Slovenské elektrárne | ||
| 300 | |a neuvedené s | ||
| 996 | |b J91161 |c J*91161 |l JJK11 |s P |a 0 |w stu32035_0001 | ||
| 996 | |b J91162 |c J*91162 |l JJK11 |s P |a 0 |w stu32035_0002 | ||
| 996 | |b J91164 |c J*91164 |l JJK11 |s P |a 0 |w stu32035_0003 | ||
| 996 | |b J91165 |c J*91165 |l JJK11 |s P |a 0 |w stu32035_0004 | ||
| 996 | |b J91166 |c J*91166 |l JJK11 |s P |a 0 |w stu32035_0005 | ||
| 996 | |b J91167 |c J*91167 |l JJK11 |s P |a 0 |w stu32035_0006 | ||
| 996 | |b J91168 |c J*91168 |l JJK11 |s P |a 0 |w stu32035_0007 | ||
| 996 | |b J91163 |c J*91163 |l JJK11 |s P |a 0 |w stu32035_0008 | ||